| 000 | 00633nam a2200193 a 4500 | ||
|---|---|---|---|
| 005 | 20140310183459.0 | ||
| 008 | 091208s19uu xx 00 eng d | ||
| 020 | _a978-0-619-26709-4 | ||
| 050 |
_aTK 5105.8885 _b.D533 2006 |
||
| 245 |
_aMacromedia studi 8 step- by- step : _bprojects for Macromedia Flash 8, dreamweaver 8, fireworks 8, and contribute 3. |
||
| 260 |
_aAustralia : _bThomson Course Technology, _c2006. |
||
| 300 |
_bcol ill. ; _c40 cm. |
||
| 521 | _aMA | ||
| 650 | _aMacromedia Studio. | ||
| 650 | _aWeb site development. | ||
| 650 |
_aWeb sites _xAuthoring programs. |
||
| 942 |
_cBK _2lcc _kFOR |
||
| 999 |
_c23799 _d23799 |
||